[Event "CRO-chT U20 18th"]
[Site "Sv Filip i Jakov"]
[Date "2009.04.18"]
[Round "9"]
[White "Dubrovic, Mihovil"]
[Black "Ruzic, Sanjin"]
[Result "1/2-1/2"]
[WhiteElo "1687"]
[BlackElo "1927"]
[PlyCount "77"]
[EventDate "2009.04.14"]
[EventType "team-tourn"]
[EventRounds "11"]
[EventCountry "CRO"]
[SourceTitle "CBM 129 Extra"]
[Source "ChessBase"]
[SourceDate "2009.05.05"]
[SourceVersion "2"]
[SourceVersionDate "2009.05.20"]
[SourceQuality "1"]

1. e4 d5 2. exd5 Qxd5 3. Nc3 Qd6 4. d4 g6 5. Nge2 Bg7 6. Bf4 Qd8 7. Qd2 Nf6 8. f3 Nc6 9. 0-0-0 a6 10. Bh6 Bxh6 11. Qxh6 e6 12. Qe3 Qe7 13. Ng3 b6 14. Bd3 Bb7 15. Rhe1 0-0-0 16. Be4 Rhe8 17. Qf2 Qb4 18. Bxc6 Bxc6 19. Nge4 Nxe4 20. Nxe4 e5 21. Nf6 Re6 22. dxe5 Rxd1+ 23. Rxd1 Qf4+ 24. Qd2 Qxd2+ 25. Rxd2 Rxe5 26. Ng4 Rh5 27. h3 Ra5 28. a3 h5 29. Nf2 g5 30. Nd3 f5 31. Nb4 Bb7 32. Kd1 Re5 33. Nd3 Rd5 34. Ke1 Kd7 35. Kf2 h4 36. Re2 c5 37. Ne5+ Kc7 38. Nf7 f4 39. Re5 1/2-1/2

[Event "CRO-chT U20 18th"]
[Site "Sv Filip i Jakov"]
[Date "2009.04.16"]
[Round "6"]
[White "Jerkovic, Maroje"]
[Black "Ruzic, Sanjin"]
[Result "0-1"]
[WhiteElo "1756"]
[BlackElo "1927"]
[PlyCount "62"]
[EventDate "2009.04.14"]
[EventType "team-tourn"]
[EventRounds "11"]
[EventCountry "CRO"]
[SourceTitle "CBM 129 Extra"]
[Source "ChessBase"]
[SourceDate "2009.05.05"]
[SourceVersion "2"]
[SourceVersionDate "2009.05.20"]
[SourceQuality "1"]

1. e4 d5 2. exd5 Qxd5 3. Nf3 g6 4. Be2 Bg7 5. 0-0 Nf6 6. c4 Qa5 7. d4 c5 8. d5 0-0 9. Nc3 e6 10. dxe6 Bxe6 11. Ng5 Bd7 12. Bf4 Nc6 13. Qd2 Rfe8 14. h4 Rad8 15. Qc1 Nd4 16. Bd1 a6 17. h5 Bf5 18. hxg6 hxg6 19. Kh2 Bd3 20. Rh1 Bxc4 21. Nh3 Nd5 22. Bh6 Qc7+ 23. g3 Nxc3 24. Bxg7 Kxg7 25. bxc3 Nf5 26. Qg5 Bd5 27. Bh5 Qe7 28. Qg4 Nh6 29. Qf4 Bxh1 30. Rxh1 gxh5 31. Kg2 Qe4+ 0-1

[Event "CRO-chT U20 18th"]
[Site "Sv Filip i Jakov"]
[Date "2009.04.15"]
[Round "4"]
[White "Martinovic, Sasa"]
[Black "Ruzic, Sanjin"]
[Result "1-0"]
[WhiteElo "2427"]
[BlackElo "1927"]
[PlyCount "119"]
[EventDate "2009.04.14"]
[EventType "team-tourn"]
[EventRounds "11"]
[EventCountry "CRO"]
[SourceTitle "CBM 129 Extra"]
[Source "ChessBase"]
[SourceDate "2009.05.05"]
[SourceVersion "2"]
[SourceVersionDate "2009.05.20"]
[SourceQuality "1"]

1. d4 Nf6 2. Bg5 g6 3. Bxf6 exf6 4. e3 Bg7 5. c4 d5 6. cxd5 Qxd5 7. Nc3 Qa5 8. g3 0-0 9. Bg2 c6 10. Nge2 Bg4 11. 0-0 Bxe2 12. Qxe2 f5 13. Rab1 Nd7 14. b4 Qc7 15. Rfc1 Rac8 16. Rc2 Qd6 17. a3 Rc7 18. Qc4 Rfc8 19. Rbc1 Bf8 20. Qb3 Nb6 21. Ne2 Be7 22. Nf4 Nd7 23. Rc3 Nf6 24. Qc2 Bd8 25. Ne2 Kg7 26. f3 Nd5 27. Rd3 Bg5 28. f4 Be7 29. h3 Bd8 30. Qb3 Kf6 31. g4 fxg4 32. e4 Qe6 33. Re1 Nb6 34. d5 cxd5 35. exd5 Qd6 36. Qb2+ Ke7 37. Qg7 Kd7 38. Qxf7+ Qe7 39. Qxe7+ Bxe7 40. hxg4 Bd6 41. Rh3 Rh8 42. f5 gxf5 43. gxf5 Rc4 44. Nc3 a6 45. Ne4 Nc8 46. Nf6+ Kd8 47. Rxh7 Rxh7 48. Nxh7 Rh4 49. Ng5 Be7 50. Ne6+ Kd7 51. Rc1 Nd6 52. Rc7+ Ke8 53. Nc5 Nxf5 54. Rxb7 Rh6 55. Ne6 Nd6 56. Rb8+ Kd7 57. Nc5+ Kc7 58. Nxa6+ Kd7 59. Nc5+ Kc7 60. Ra8 1-0

[Event "Rijeka op"]
[Site "Rijeka"]
[Date "2007.11.30"]
[Round "7"]
[White "Ruzic, Sanjin"]
[Black "Orenda, Omar"]
[Result "0-1"]
[WhiteElo "1917"]
[BlackElo "2120"]
[PlyCount "78"]
[EventDate "2007.11.25"]
[EventType "swiss"]
[EventRounds "9"]
[EventCountry "CRO"]
[SourceTitle "CBM 121 Extra"]
[Source "ChessBase"]
[SourceDate "2008.01.10"]
[SourceVersion "1"]
[SourceVersionDate "2008.01.10"]
[SourceQuality "1"]

1. e4 d6 2. d4 Nf6 3. Nc3 Nbd7 4. Nf3 e5 5. Bc4 Be7 6. 0-0 c6 7. Be3 0-0 8. Nd2 b5 9. Bd3 Bb7 10. f4 Qb6 11. Nf3 Ng4 12. Qe1 Bf6 13. Nd1 exd4 14. Bd2 c5 15. h3 Ne3 16. Bxe3 dxe3 17. Qxe3 c4 18. Qxb6 Nxb6 19. e5 Bxf3 20. Rxf3 dxe5 21. Be4 Rad8 22. f5 Rd4 23. Nf2 Na4 24. b3 Nc5 25. Re1 Bh4 26. g3 Bd8 27. Bc6 Bb6 28. Bxb5 cxb3 29. axb3 f6 30. Kf1 Rfd8 31. Bd3 Kf7 32. Rfe3 g6 33. fxg6+ hxg6 34. g4 Rf4 35. Bc4+ Kg7 36. Ke2 e4 37. Rg3 Ne6 38. Nd1 Rd4 39. Ke3 g5 0-1

[Event "Rijeka op"]
[Site "Rijeka"]
[Date "2007.11.26"]
[Round "3"]
[White "Ruzic, Sanjin"]
[Black "Plenca, Julian"]
[Result "0-1"]
[WhiteElo "1917"]
[BlackElo "2221"]
[PlyCount "92"]
[EventDate "2007.11.25"]
[EventType "swiss"]
[EventRounds "9"]
[EventCountry "CRO"]
[SourceTitle "CBM 121 Extra"]
[Source "ChessBase"]
[SourceDate "2008.01.10"]
[SourceVersion "1"]
[SourceVersionDate "2008.01.10"]
[SourceQuality "1"]

1. e4 c5 2. Nc3 e6 3. g3 a6 4. Bg2 b5 5. d3 Bb7 6. f4 b4 7. Nce2 d5 8. e5 Nc6 9. Nf3 Nge7 10. 0-0 h5 11. c3 a5 12. d4 Nf5 13. Bh3 g6 14. Bxf5 gxf5 15. dxc5 Bxc5+ 16. Ned4 Ba6 17. Re1 Qb6 18. Be3 Nxd4 19. Bxd4 Bxd4+ 20. Qxd4 Qxd4+ 21. cxd4 Rc8 22. Rac1 Kd7 23. Nd2 a4 24. Kf2 h4 25. Kg2 Bd3 26. Rg1 Bc2 27. Kf2 hxg3+ 28. hxg3 Rh2+ 29. Ke3 a3 30. Nf3 Rhh8 31. b3 Rc3+ 32. Kf2 Rhc8 33. Rge1 Be4 34. Rxc3 Rxc3 35. Ng5 Rd3 36. Nxe4 fxe4 37. g4 Rf3+ 38. Ke2 Rg3 39. Rf1 Rxg4 40. Rf2 Rg3 41. f5 exf5 42. Rxf5 Rg2+ 43. Ke3 Ke7 44. Rf6 Rxa2 45. Rb6 Rb2 46. Rxb4 a2 0-1

[Event "CRO-ch U17"]
[Site "Bjelolasica"]
[Date "2007.08.02"]
[Round "6"]
[White "Ruzic, Sanjin"]
[Black "Vucic, Mihovil"]
[Result "0-1"]
[WhiteElo "1938"]
[BlackElo "1832"]
[PlyCount "58"]
[EventDate "2007.07.30"]
[EventType "swiss"]
[EventRounds "9"]
[EventCountry "CRO"]
[SourceTitle "CBM 119 Extra"]
[Source "ChessBase"]
[SourceDate "2007.09.04"]
[SourceVersion "1"]
[SourceVersionDate "2007.09.04"]
[SourceQuality "1"]

1. e4 c5 2. Nc3 Nc6 3. g3 g6 4. Bg2 Bg7 5. d3 e6 6. f4 Nge7 7. Be3 Qa5 8. Qd2 0-0 9. Nf3 Nd4 10. 0-0 f5 11. e5 Nec6 12. Qf2 Qb4 13. a3 Qxb2 14. Nxd4 Nxd4 15. Bxd4 cxd4 16. Qxd4 d6 17. Rfb1 dxe5 18. Qc4 Qxc2 19. Ra2 b5 20. Rxc2 bxc4 21. dxc4 e4 22. Nxe4 fxe4 23. Bxe4 Ba6 24. Bxa8 Rxa8 25. Re1 Bd4+ 26. Kg2 Bb7+ 27. Kh3 Rd8 28. c5 Bc6 29. Rd1 Ba4 0-1

[Event "CRO-chT U20 16th"]
[Site "Sv Filip i Jakov"]
[Date "2007.04.13"]
[Round "8"]
[White "Kovacevic, Neven"]
[Black "Ruzic, Sanjin"]
[Result "0-1"]
[WhiteElo "1666"]
[BlackElo "1875"]
[PlyCount "36"]
[EventDate "2007.04.10"]
[EventType "team-tourn"]
[EventRounds "11"]
[EventCountry "CRO"]
[SourceTitle "EXT 2010"]
[Source "ChessBase"]
[SourceDate "2010.11.25"]
[SourceVersion "1"]
[SourceVersionDate "2010.11.25"]
[SourceQuality "1"]

1. e4 e5 2. Nf3 Nc6 3. Bb5 f5 4. Nc3 Nf6 5. d3 Bb4 6. Bd2 0-0 7. 0-0 d6 8. a3 Bxc3 9. Bxc3 fxe4 10. dxe4 Kh8 11. Re1 Bg4 12. Qd3 Qe8 13. Nd2 Qg6 14. f3 Bh3 15. g3 Nh5 16. g4 Nf4 17. Qd5 Nxd5 18. exd5 Ne7 0-1

[Event "CRO-chT U20 16th"]
[Site "Sv Filip i Jakov"]
[Date "2007.04.10"]
[Round "1"]
[White "Starcevic, Kresimir"]
[Black "Ruzic, Sanjin"]
[Result "1/2-1/2"]
[WhiteElo "2104"]
[BlackElo "1875"]
[PlyCount "223"]
[EventDate "2007.04.10"]
[EventType "team-tourn"]
[EventRounds "11"]
[EventCountry "CRO"]
[SourceTitle "EXT 2010"]
[Source "ChessBase"]
[SourceDate "2010.11.25"]
[SourceVersion "1"]
[SourceVersionDate "2010.11.25"]
[SourceQuality "1"]

1. e4 e5 2. f4 d5 3. exd5 e4 4. d3 Qxd5 5. Nc3 Bb4 6. Bd2 Bxc3 7. Bxc3 Nf6 8. Bxf6 gxf6 9. dxe4 Qxe4+ 10. Qe2 f5 11. 0-0-0 Be6 12. Qf2 Nd7 13. Bb5 Qb4 14. Bxd7+ Bxd7 15. Qh4 Qe7 16. Qxe7+ Kxe7 17. Nf3 Rad8 18. Rhe1+ Be6 19. Ne5 Rxd1+ 20. Rxd1 Rd8 21. Rxd8 Kxd8 22. a3 Ke7 23. Kd2 Kd6 24. Ke3 c5 25. g3 b6 26. Nf3 f6 27. Nd2 Bd5 28. b3 Be6 29. Kd3 b5 30. c4 a6 31. Nf1 Bf7 32. Ne3 Be6 33. Kc3 Kc6 34. Nd1 Bf7 35. Nb2 Be6 36. Nd3 Bf7 37. Nf2 Be6 38. Nh3 Bf7 39. Ng1 Be6 40. Nf3 Bf7 41. Nd2 Be6 42. Nf1 Bf7 43. Ne3 Be6 44. h3 h5 45. Nd1 Bf7 46. Nb2 Be6 47. Nd3 Bf7 48. Ne1 Be6 49. Nf3 Bg8 50. Nh4 Bh7 51. Nf3 Bg8 52. cxb5+ axb5 53. b4 Bd5 54. Nh4 Be4 55. Ng6 Bg2 56. Ne7+ Kb6 57. Nxf5 Bxh3 58. Ng7 Bg4 59. Ne8 f5 60. Nf6 Kc6 61. Ng8 Kd5 62. Nf6+ Kc6 63. Kd3 Bf3 64. bxc5 Kxc5 65. Nd7+ Kd5 66. Ne5 Bg4 67. Nd7 Kd6 68. Nf6 Kc5 69. Kc3 Be2 70. Nd7+ Kc6 71. Nf6 Kc5 72. Kd2 Bc4 73. Nxh5 Kd4 74. Nf6 Be6 75. Ne8 Kc5 76. Kc2 Kd4 77. Nd6 Bd7 78. Kd2 Kd5 79. Nf7 Kd4 80. Ne5 Be8 81. Nf3+ Kc4 82. Kc2 b4 83. axb4 Kxb4 84. Nh4 Bd7 85. Kd3 Kc5 86. Ng6 Kd5 87. Ne5 Bc8 88. Ke3 Be6 89. Ng6 Bd7 90. Kf3 Kd4 91. Kg2 Ke4 92. Kh3 Bc8 93. Kh4 Kf3 94. Ne5+ Kg2 95. Nc4 Be6 96. Nd6 Bd7 97. Nf7 Bc8 98. Ng5 Bd7 99. Nh7 Be6 100. Nf6 Bc8 101. Nh5 Ba6 102. Ng7 Bc8 103. Nxf5 Bxf5 104. g4 Bd3 105. f5 Kf3 106. f6 Bc4 107. Kg5 Kg3 108. Kf5 Kh4 109. g5 Kh5 110. g6 Kh6 111. g7 Kh7 112. Ke5 1/2-1/2

[Event "Kastav op 9th"]
[Site "Kastav"]
[Date "2006.01.06"]
[Round "3"]
[White "Ruzic, Sanjin"]
[Black "Jokic, Miljenko"]
[Result "0-1"]
[WhiteElo "1884"]
[BlackElo "2039"]
[PlyCount "38"]
[EventDate "2006.01.05"]
[EventType "swiss"]
[EventRounds "7"]
[EventCountry "CRO"]
[SourceTitle "CBM 110 Extra"]
[Source "ChessBase"]
[SourceDate "2006.03.10"]
[SourceVersion "2"]
[SourceVersionDate "2006.03.10"]
[SourceQuality "1"]

1. e4 e5 2. d4 exd4 3. c3 dxc3 4. Nxc3 Bb4 5. Bc4 Qe7 6. Qe2 Nc6 7. Nf3 d6 8. 0-0 Bxc3 9. bxc3 Nf6 10. Re1 0-0 11. Rb1 Re8 12. Bd3 Ne5 13. Nxe5 Qxe5 14. Bd2 b6 15. f3 Bb7 16. c4 Rad8 17. Qf2 Nd7 18. Rbc1 Nc5 19. Qe2 Qd4+ 0-1